MARC

LEADER 00000nam0a2200000 4500
001 111492
005 20250211063205.0
035 |a (RuTPU)RU\TPU\book\120415 
090 |a 111492 
100 |a 20070316d1980 k a0rusy5003 ca 
101 0 |a rus 
102 |a RU 
105 |a a z 001zy 
200 1 |a Электропривод и автоматизация промышленных установок  |e тематический сборник  |f под ред. В. И. Ключева 
210 |a Москва  |c МЭИ  |d 1980 
215 |a 115 с.  |c ил., 1 л. табл.  |d 20 см. 
225 1 |a Труды Московского энергетического института  |v Вып. 484 
500 1 0 |a Труды Московского энергетического института  |9 88841 
610 1 |a электроприводы 
610 1 |a производство 
610 1 |a сборники 
610 1 |a промышленные установки 
610 1 |a студенты 
610 1 |a обучение 
610 1 |a НИР 
610 1 |a автоматизация 
675 |a 62-83 
675 |a 681.51 
702 1 |a Ключев  |b В. И.  |g Владимир Иванович  |4 340 
801 0 |a RU  |b RuMRKP  |c 19950704  |g psbo 
801 1 |a RU  |b 63413507  |c 20070316  |g PSBO 
801 2 |a RU  |b 63413507  |c 20161005  |g PSBO 
942 |c BK